000 00456nam a2200181Ia 4500
001 3138
005 20260306144858.0
008 260306t1995||||xx |||||||||||||| ||spa||
041 _aESP
082 _a261.1
_bS12
100 _aSabugal Osa, Santos
_eAUT
245 0 _aLa iglesia, sierva de Dios:
_bhacia una eclesiologĂ­a servicial
260 _c1995
300 _a198 páginas :
_c20 cm.
650 _aGEN
654 _aCHU
942 _cLIB
_dJUS
_fJUS
_2ddc
_n
999 _c3138
_d3138